000 01745nam a2200217Ia 4500
003 Ost
005 20260507075728.0
008 260507s9999||||xx |||||||||||||| ||und||
040 _cfsecg
041 _aara
082 _a346.07
100 _aالصغير، حسام الدين عبد الغني
_eمؤلف
245 0 _aالجديد في القواعد والاعراف الموحدة الاعتمادات المستندرية 500 /
_c حسام الدين عبد الغني الصغير
260 _aالاسكندرية:
_bدار الفكر الجامعي,
_c2004
300 _a212 صفحة؛
_c24 سم
504 _aملاحق : ص. 152 ؛ بيبليوغرافيا :ص.147
520 _aالقواعد الجديدة لفحص المستندات ومطابقتها واجب البنك في أن يكشف كل العيوب المطابقة تعديل مدة فحص المستندات ، فحص المستندات بمعيار جديد تأكيد حق البنك في استطلاع رغبة العميل في التنازل عن الاختلافات المعالجة التفصيلية لمستندات نقل البضائع سند الشحن البحري عبر المحيطات ، سند الشحن البحري غير قابل للتداول سند الشحن الصادر بمناسبة مشارطة ايجار سند النقل متعدد الوسائط سندات النقل الصادرة عن وكلاء الشحن سندات النقل الاخرى الاحكام التي استحدثتها القواعد والاعراف الموحدة الاحكام المستحدثة لمصلحة المستفيد
653 _aالأوراق التجارية
653 _aالسندات الماليه
942 _cكتاب
999 _c46000
_d46000